000 00931nam a2200253 a 4500
001 BRCA_1147
005 20190320203312.0
008 040312s2000 mx-a---##b---#001-0#spa-#
020 _a9706790438 (v. 2)
040 _aDLC
_cDLC
_dDLC
050 4 _aF1231
_b.M49 2000
245 1 0 _aMéxico en el mundo hispánico
_ceditor Oscar Mazín Gómez.
260 _aZamora, Michoacán [México]
_bEl Colegio de Michoacán
_c2000
300 _a2 v.
_bil., mapas
_c28 cm.
500 _aIncluye índice toponímico e índice onosmástico
500 _aLa biblioteca cuenta solo con el vol. 2
504 _aBibliografía: p. 670-678
650 1 4 _aIndígenas de México
_xRelaciones del gobierno
_93775
651 4 _aMéxico
_xHistoria
_yColonia española, 1540-1810
_9394
651 4 _aEspaña
_xRelaciones
_zNueva España
_93776
651 4 _aNueva España
_xRelaciones
_zEspaña
_93777
700 1 _aMazín Gómez, Oscar
_93778
942 _2lcc
_cB
999 _c1024
_d1024